[Event "AUTO-ADV-656"]
[Site "http://www.queenalice.com/game.php?id=362338"]
[Date "2008.2.28"]
[Round "2"]
[White "nathanielfast"]
[Black "Paked"]
[Result "1-0"]
[WhiteElo "2085"]
[BlackElo "1977"]

1. d4 d5 2. Bg5 h6 3. Bf4 g5 4. Be5 f6 5. Bg3 Nc6 6. e4 dxe4 7. Qh5+ Kd7 8. Bb5
f5 9. d5 Nf6 10. dxc6+ bxc6 11. Qd1+ Ke8 12. Bxc6+ Bd7 13. Bxa8 f4 14. Bd5 c6
15. Bb3 fxg3 16. hxg3 Qb6 17. Nc3 e3 18. fxe3 Qxe3+ 19. Qe2 Qxg3+ 20. Qf2 Qe5+
21. Nge2 Bg4 22. O-O-O Bg7 23. Qxa7 Nd7 24. Rxd7 Bxd7 25. Qa8+ 1-0

[Event "AUTO-ADV-656"]
[Site "http://www.queenalice.com/game.php?id=362339"]
[Date "2008.2.28"]
[Round "2"]
[White "Paked"]
[Black "nathanielfast"]
[Result "0-1"]
[WhiteElo "1948"]
[BlackElo "2065"]

1. e4 e6 2. d4 d5 3. exd5 exd5 4. Nf3 Bg4 5. h3 Bh5 6. Be2 Nc6 7. O-O Bd6 8. Bb5
Ne7 9. Qd3 Bg6 10. Qe3 O-O 11. Bxc6 Nxc6 12. Qb3 Na5 13. Qc3 c6 14. Bd2 Nc4 15.
b3 Nb6 16. Ne5 Qh4 17. Nxg6 fxg6 18. Be3 Rae8 19. Nd2 g5 20. a4 g4 21. a5 Nd7
22. Rae1 gxh3 23. Bf4 Bxf4 24. Rxe8 Rxe8 25. Nf3 Qg4 26. g3 Bxg3 0-1

[Event "AUTO-ADV-693"]
[Site "http://www.queenalice.com/game.php?id=364737"]
[Date "2008.3.3"]
[Round "2"]
[White "TheBigSid"]
[Black "nathanielfast"]
[Result "0-1"]
[WhiteElo "2050"]
[BlackElo "2046"]

1. d4 Nf6 2. c4 c5 3. d5 e5 4. Nc3 d6 5. e4 Nbd7 6. Bd3 h5 7. Nge2 h4 8. f4 exf4
9. Bxf4 a6 10. Qd2 Ng4 11. O-O-O Be7 12. Rde1 Nge5 13. Rhf1 Bf6 14. Kb1 Rb8 15.
Ng1 O-O 16. Nf3 Re8 17. Nxe5 Nxe5 18. h3 Bd7 19. Rf2 b5 20. cxb5 axb5 21. Bxe5
Bxe5 22. Ref1 c4 23. Be2 b4 24. Nd1 c3 25. Qe3 Rf8 26. Bh5 Be8 27. Rf5 Qc7 28.
Qf2 b3 29. Nxc3 bxa2+ 30. Kc2 a1=Q 31. Rxa1 Rxb2+ 0-1

[Event "AUTO-ADV-693"]
[Site "http://www.queenalice.com/game.php?id=364738"]
[Date "2008.3.3"]
[Round "2"]
[White "nathanielfast"]
[Black "TheBigSid"]
[Result "1/2-1/2"]
[WhiteElo "2046"]
[BlackElo "2050"]

1. c4 e5 2. g3 c6 3. d4 e4 4. Bg2 d5 5. Nc3 Nf6 6. Bg5 Be6 7. Nh3 Bd6 8. O-O
Nbd7 9. Nf4 O-O 10. Rc1 h6 11. Bxf6 Nxf6 12. cxd5 cxd5 13. Nxe6 fxe6 14. Qb3 Qe7
15. f3 exf3 16. Bxf3 Rac8 17. e4 Bb4 18. exd5 Bxc3 19. Rxc3 Rxc3 20. bxc3 Nxd5
21. Bxd5 Rxf1+ 22. Kxf1 Qf7+ 23. Bf3 Qxf3+ 24. Kg1 Qe3+ 25. Kg2 Qe2+ 26. Kh3
Qf1+ 27. Kh4 Qf6+ 28. Kh3 Qf1+ 29. Kh4 Qf6+ 30. Kh3 Qf1+ 1/2-1/2

[Event "AUTO-ADV-693"]
[Site "http://www.queenalice.com/game.php?id=364739"]
[Date "2008.3.3"]
[Round "2"]
[White "ccarre"]
[Black "nathanielfast"]
[Result "1-0"]
[WhiteElo "1969"]
[BlackElo "2114"]

1. c4 g6 2. Nc3 Bg7 3. g3 e5 4. Bg2 Ne7 5. Nf3 O-O 6. O-O d6 7. d3 h6 8. Rb1 Nd7
9. b4 f5 10. Qc2 Nf6 11. a4 c6 12. b5 Be6 13. Ba3 g5 14. bxc6 bxc6 15. Rb7 Bc8
16. Rb3 Ba6 17. c5 Nc8 18. cxd6 Re8 19. Nd2 Qd7 20. Nb5 1-0

[Event "AUTO-ADV-693"]
[Site "http://www.queenalice.com/game.php?id=364740"]
[Date "2008.3.3"]
[Round "2"]
[White "nathanielfast"]
[Black "ccarre"]
[Result "1-0"]
[WhiteElo "2026"]
[BlackElo "2011"]

1. c4 c5 2. g3 Nf6 3. Bg2 Nc6 4. Nc3 g6 5. a3 Bg7 6. Rb1 O-O 7. b4 d6 8. bxc5
dxc5 9. Nf3 Rb8 10. O-O b6 11. d3 Bb7 12. Bf4 Rc8 13. Bh3 e6 14. Bg2 Qe7 15. Qd2
Rfd8 16. Rfd1 Nd4 17. Ng5 Bxg2 18. Kxg2 Nh5 19. Be3 Nf5 20. Nge4 Nxe3+ 21. fxe3
f5 22. Nf2 Nf6 23. Qc2 Qc7 24. Kg1 Qe5 25. e4 Ng4 26. Nxg4 fxg4 27. Rbc1 Bh6 28.
Rb1 Be3+ 29. Kg2 Qh5 30. Rf1 Qh3+ 31. Kh1 Rf8 32. Qd1 Bd4 33. Nb5 Bf2 34. e3
Bxg3 35. Qe2 Bb8 36. Qg2 Qxg2+ 37. Kxg2 Rf7 38. Rxf7 Kxf7 39. Rf1+ Ke7 40. Nc3
Be5 41. Ne2 Rd8 42. Rd1 Rf8 43. a4 Bxh2 44. Rh1 h5 45. Rxh2 Rf3 46. Nf4 Kf6 47.
Rh1 e5 48. Nd5+ Kg5 49. Rf1 Rxf1 50. Kxf1 h4 51. Kg2 Kh5 52. Nf6+ Kg5 53. Nd7
1-0

[Event "ramongarcia"]
[Site "http://www.queenalice.com/game.php?id=376449"]
[Date "2008.3.24"]
[Round "2"]
[White "nathanielfast"]
[Black "silverado"]
[Result "0-1"]
[WhiteElo "2090"]
[BlackElo "1873"]

1. c4 d5 2. cxd5 Qxd5 3. Nc3 Qe5 4. Nf3 Qa5 5. d4 e6 6. e4 Bb4 7. Bd2 Ne7 8. Bd3
Nd7 9. O-O c6 10. a3 Bxc3 11. bxc3 Qc7 12. Re1 O-O 13. Qe2 f6 0-1

[Event "AUTO-MASTER-405"]
[Site "http://www.queenalice.com/game.php?id=379469"]
[Date "2008.3.30"]
[Round "2"]
[White "levi"]
[Black "nathanielfast"]
[Result "1-0"]
[WhiteElo "2353"]
[BlackElo "2115"]

1. e4 e6 2. d4 d5 3. Nc3 Nc6 4. Nf3 Nf6 5. Bg5 Be7 6. e5 Ne4 7. Bxe7 Qxe7 8. Bd3
Qb4 9. Bxe4 dxe4 10. a3 Qxb2 11. Nxe4 Qb5 12. Rb1 Qc4 13. Rb3 b6 14. Ned2 Qa6
15. c4 Na5 16. Rc3 O-O 17. O-O Bb7 18. Qc2 h6 19. Re1 Rac8 20. Ne4 Bxe4 21. Rxe4
c5 22. d5 exd5 23. cxd5 Rcd8 24. d6 Nc6 25. Re1 Rfe8 26. Rd3 Qa5 27. Re4 Qa6 28.
h3 Qb7 29. Re1 Qc8 30. Rdd1 Qe6 31. Qa4 Qd7 32. Qe4 Re6 33. Qd5 1-0

[Event "AUTO-MASTER-405"]
[Site "http://www.queenalice.com/game.php?id=379470"]
[Date "2008.3.30"]
[Round "2"]
[White "nathanielfast"]
[Black "levi"]
[Result "0-1"]
[WhiteElo "2097"]
[BlackElo "2321"]

1. c4 e6 2. g3 Nf6 3. Bg2 d5 4. Nf3 dxc4 5. O-O Nc6 6. Qc2 e5 7. Qxc4 Be7 8. Nc3
Be6 9. Qa4 Nd7 10. d3 O-O 11. Be3 Nb6 12. Qd1 f5 13. Rc1 f4 14. Bd2 Qd7 15. Ne4
Bxa2 16. b3 Qe6 17. Rc4 Nxc4 18. bxc4 a5 19. Qa4 Nb4 20. Nc3 e4 0-1

[Event "JC Chess Club"]
[Site "http://www.queenalice.com/game.php?id=392204"]
[Date "2008.4.23"]
[Round "2"]
[White "nathanielfast"]
[Black "Bobtzu"]
[Result "1-0"]
[WhiteElo "2101"]
[BlackElo "2025"]

1. c4 Nf6 2. g3 e6 3. Bg2 Be7 4. Nc3 O-O 5. Nf3 b6 6. Ne5 d5 7. cxd5 Nxd5 8. Qb3
Bb7 9. O-O Nd7 10. Nxd7 Qxd7 11. d4 c5 12. dxc5 Nxc3 13. Qxc3 Bxg2 14. Kxg2 Bxc5
15. Bf4 Rac8 16. Qf3 Qb5 17. b3 Rfd8 18. Rac1 Qc6 19. Qxc6 Rxc6 20. b4 Rdc8 21.
bxc5 1-0

[Event "AUTO-MASTER-406"]
[Site "http://www.queenalice.com/game.php?id=396370"]
[Date "2008.5.1"]
[Round "2"]
[White "arrabi"]
[Black "nathanielfast"]
[Result "0-1"]
[WhiteElo "1907"]
[BlackElo "2077"]

1. e4 e6 2. d4 d5 3. e5 c5 4. c3 Nc6 5. Nf3 Nh6 6. Bg5 Be7 7. Bxh6 gxh6 8. Bd3
cxd4 9. cxd4 Bf8 10. a3 Bg7 11. Nc3 f6 12. Nh4 O-O 13. Nf3 fxe5 14. dxe5 Nxe5
15. Be2 Nxf3+ 16. Bxf3 Qf6 17. O-O Bd7 18. Rb1 Be8 19. Nxd5 exd5 20. Qxd5+ Kh8
21. Qxb7 Bg6 22. Rbc1 Rab8 23. Qxa7 Rxb2 24. Rc6 Qg5 25. Kh1 Rb3 26. Rfc1 Bf5
27. a4 Qf4 28. R6c4 Qxc4 29. Rd1 Rxf3 30. gxf3 Qe2 31. Rc1 Qxf3+ 32. Kg1 Qg4+
33. Kf1 Bd3+ 0-1

[Event "AUTO-MASTER-406"]
[Site "http://www.queenalice.com/game.php?id=396371"]
[Date "2008.5.1"]
[Round "2"]
[White "nathanielfast"]
[Black "arrabi"]
[Result "1-0"]
[WhiteElo "2031"]
[BlackElo "1849"]

1. c4 Nf6 2. g3 c6 3. Bg2 g6 4. Nf3 Bg7 5. O-O O-O 6. d3 e6 7. Nbd2 d5 8. cxd5
exd5 9. Qc2 Be6 10. Rb1 Nbd7 11. Ng5 Bf5 12. e4 dxe4 13. dxe4 Be6 14. Nxe6 fxe6
15. Qb3 Nc5 16. Qc2 Qd4 17. Nb3 Nxb3 18. Qxb3 Rab8 19. Qxe6+ Rf7 20. Be3 Qd7 21.
Qb3 Kh8 22. Rbd1 Qe7 23. Rfe1 b6 24. Bf4 Re8 25. e5 Nh5 26. e6 Rf5 27. Bd6 Qg5
28. Bxc6 Nf6 29. Bxe8 Nxe8 30. Qa4 Nxd6 31. Rxd6 Qe7 32. Qd7 Bf8 33. Qxe7 Bxe7
34. Rd7 Bc5 35. Re2 Kg8 36. e7 Bxe7 37. Rexe7 h5 38. Rxa7 h4 39. Kg2 g5 40. Ra8+
Rf8 41. Rxf8+ Kxf8 42. Rb7 hxg3 43. hxg3 g4 44. f3 gxf3+ 45. Kxf3 1-0

[Event "AUTO-MASTER-406"]
[Site "http://www.queenalice.com/game.php?id=396372"]
[Date "2008.5.1"]
[Round "2"]
[White "jlgonzalvez"]
[Black "nathanielfast"]
[Result "1-0"]
[WhiteElo "2306"]
[BlackElo "2026"]

1. e4 e6 2. d4 d5 3. e5 c5 4. c3 Nc6 5. Nf3 Nh6 6. a3 f6 7. exf6 Qxf6 8. Bg5 Qf7
9. b4 cxd4 10. b5 Na5 11. cxd4 Bd6 12. Bxh6 gxh6 13. Bd3 O-O 14. O-O b6 15. Nbd2
Bd7 16. Ne5 Qg7 17. f4 Kh8 18. Rc1 Be8 19. a4 Rg8 20. g3 h5 21. Ndf3 Qf6 22. Kh1
Rg7 23. Nh4 Rd8 24. f5 Bxe5 25. dxe5 Qxe5 26. Re1 Qd4 27. Rxe6 Bf7 28. Nf3 Qb4
29. f6 Bxe6 30. fxg7+ Kxg7 31. Rc7+ Rd7 32. Qa1+ d4 33. Nxd4 Kf7 34. Qf1+ Ke7
35. Nxe6 Rxc7 36. Nxc7 Qd6 37. Qe2+ Kd7 38. Ne8 Qd4 39. Bxh7 Qa1+ 40. Kg2 Qh8
41. Qxh5 Qxe8 42. Bf5+ Kd8 43. Qxe8+ Kxe8 44. Kf3 Nb3 45. h4 Kf7 46. Kf4 Nc5 47.
Bc2 Kf6 48. h5 a5 49. h6 Ne6+ 50. Ke4 Nc7 51. h7 Kg7 52. Ke5 1-0

[Event "AUTO-MASTER-406"]
[Site "http://www.queenalice.com/game.php?id=396373"]
[Date "2008.5.1"]
[Round "2"]
[White "nathanielfast"]
[Black "jlgonzalvez"]
[Result "0-1"]
[WhiteElo "2040"]
[BlackElo "2289"]

1. c4 Nf6 2. g3 g6 3. Bg2 Bg7 4. Nc3 O-O 5. d3 d6 6. e4 c5 7. Nge2 Nc6 8. O-O
Ne8 9. a3 Nc7 10. f4 Rb8 11. Rb1 b5 12. Be3 bxc4 13. dxc4 Bg4 14. h3 Bxc3 15.
hxg4 Bxb2 16. e5 Nd4 17. Nxd4 Bxd4 18. Bxd4 Rxb1 19. Qxb1 cxd4 20. Qe4 dxe5 21.
fxe5 Ne6 22. Rb1 Qa5 23. Rb7 Nc5 24. Rb5 Qxb5 0-1

[Event "AUTO-OPEN-836"]
[Site "http://www.queenalice.com/game.php?id=408044"]
[Date "2008.5.25"]
[Round "3"]
[White "ubersoldat1952"]
[Black "nathanielfast"]
[Result "1-0"]
[WhiteElo "2313"]
[BlackElo "2097"]

1. c4 c5 2. g3 g6 3. Bg2 Bg7 4. e3 Nc6 5. Ne2 Nf6 6. Nbc3 O-O 7. O-O d6 8. d3
Bg4 9. Qb3 Rb8 10. h3 Bd7 11. Nf4 1-0

[Event "AUTO-OPEN-836"]
[Site "http://www.queenalice.com/game.php?id=408045"]
[Date "2008.5.25"]
[Round "3"]
[White "nathanielfast"]
[Black "ubersoldat1952"]
[Result "0-1"]
[WhiteElo "2122"]
[BlackElo "2305"]

1. c4 c6 2. g3 d5 3. Bg2 Nf6 4. Nf3 dxc4 5. O-O Nbd7 6. Qc2 b5 7. Nd4 Qb6 8.
Bxc6 Rb8 9. Bxd7+ Bxd7 10. Nf3 Bh3 11. Re1 e6 0-1

[Event "JC Chess Club"]
[Site "http://www.queenalice.com/game.php?id=427095"]
[Date "2008.7.4"]
[Round "3"]
[White "TecmoTim"]
[Black "nathanielfast"]
[Result "1-0"]
[WhiteElo "2135"]
[BlackElo "2034"]

1. d4 Nf6 2. Bg5 Ne4 3. Bh4 g5 4. Bg3 c5 5. c3 Qb6 6. Qc2 d5 7. e3 Bf5 8. Qb3
Qxb3 9. axb3 Nc6 10. Nd2 Nxg3 11. hxg3 cxd4 12. exd4 e6 13. Ngf3 Be7 14. Be2 a6
15. b4 O-O 16. O-O Rfc8 17. b5 axb5 18. Bxb5 f6 19. Rfe1 Kf7 20. Nb3 Bd6 21. Kf1
Bc2 22. Nbd2 Bg6 23. Ke2 Re8 24. Bd3 Bxd3+ 25. Kxd3 g4 26. Ng1 f5 27. Ne2 Ne7
28. Nf4 Ng8 29. Nb3 Nf6 30. Na5 Bxf4 31. gxf4 Reb8 32. Nb3 b6 33. g3 Ne4 34. Ke2
h5 35. Nd2 Nd6 36. f3 Kg6 37. fxg4 hxg4 38. Kf2 Rh8 39. Rxa8 Rxa8 40. Rxe6+ 1-0

[Event "Challenge"]
[Site "http://www.queenalice.com/game.php?id=430032"]
[Date "2008.7.8"]
[Round "-"]
[White "MASTROIANNI"]
[Black "nathanielfast"]
[Result "0-1"]
[WhiteElo "1733"]
[BlackElo "2022"]

1. e4 e6 2. Nc3 d5 3. exd5 exd5 4. Qf3 c6 5. Nh3 Nf6 6. d4 Bd6 7. Bg5 Nbd7 8.
O-O-O O-O 9. Bd3 b5 10. Qf5 Ne5 11. Qxh7+ Nxh7 12. Bxd8 Nxd3+ 13. cxd3 Rxd8 14.
f3 Bxh3 15. gxh3 Re8 16. Rd2 Re3 17. Rf1 Rae8 18. Kc2 Ng5 19. Rdf2 Nxh3 20. Rg2
Nf4 21. Rgf2 Nxd3 22. Rd2 Rxf3 23. Rh1 Nf4 24. h4 b4 25. Nd1 Re2 26. Rg1 Rxd2+
27. Kxd2 Rd3+ 28. Kc2 Rxd4 29. Ne3 Re4 30. Nf5 Bf8 31. Rg4 Re2+ 32. Kb3 Nd3 33.
Nh6+ Kh7 34. Nxf7 a5 35. Ng5+ Kg8 36. Ne6 Rxe6 37. Kc2 Ne5 38. Rg2 Nc4 39. Rg5
Re2+ 40. Kd3 Rxb2 41. h5 Rd2# 0-1